Animadversiones Exegeticae Et Dogmatico-Practicae In Epistolam S. Pauli Ad Galatas, quas Deo Duce In Alma Fridericiana Rectore Magnificentissimo, Serenissimo Principe Ac Domino, Dn. Friderico Wilhelmo, Regni Borussici, Electoratus Et Provinciarum Brandenb. Herede, & reliqua,

Bibliographic Details
Main Author: Aurivillius, Olaus (Author)
Corporate Author: Zeitler, Christoph Andreas (Halle, Nemecko) (Printer)
Other Authors: Breithaupt, Joachim Just, 1658-1732 (Thesis advisor), Zeitler, Christophor Andreas, 17.-18. storočie (Printer)
Format: Book
Language:Latin
PhysicalDescription:8 nečíslovaných strán, 48 strán 23 cm
Subjects:

MARC

LEADER 00000nam a2200000 4500
001 vtls011919603
003 SK-MaSNL
005 20260301052831.0
008 251112s1702 gw 0 0n0 lat
015 |a SNBHFA1702 
040 |a SNKHF  |b slo  |c SNKHF  |e rda 
041 0 |a lat 
044 |a gw  |c DE 
072 7 |a 2-1  |x Prirodzená teológia. Náboženská filozofia  |2 konspekt 
080 |a 2-1  |2 2011 
100 1 |a Aurivillius, Olaus  |4 aut  |9 362341 
245 1 0 |a Animadversiones Exegeticae Et Dogmatico-Practicae In Epistolam S. Pauli Ad Galatas, quas Deo Duce In Alma Fridericiana Rectore Magnificentissimo, Serenissimo Principe Ac Domino, Dn. Friderico Wilhelmo, Regni Borussici, Electoratus Et Provinciarum Brandenb. Herede, & reliqua,  |c Praeside Dn. Joach. Justo Breithaupt, S. Theol. Doct., Prof. Publ. Et Semin. Teol. Direct. Nec Non Consil. Consisit. Duc. Magd. Ad d. XXX. Septemb. A.O.R. MDCCII. Publico examini subjicit Auctor Respondens M. Olaus Aurivillivs, Gevaliâ-Suecus 
264 3 |a [Halle]  |b Typis Christoph. Andreae Zeitleri, Acad. Typogr.  |c 1702 
300 |a 8 nečíslovaných strán, 48 strán  |c 23 cm 
336 |a text  |b txt  |2 rdacontent 
337 |a bez média  |b n  |2 rdamedia 
338 |a zväzok  |b nc  |2 rdacarrier 
500 |a Typografické údaje doplnené podľa Cerl Thesaurus 
500 |a Linky, iniciály na 7 a 8 riadkov, vinety, zložky, kustody 
501 |a Príväzok 30. k: SCHLOTTERBECK, Georg Friedrich. Petrus Baelius, Ubi Ea, Quae De Origine Mali Et De Imputatione Peccati Primi Christiani Credunt, Principiis Rationis Sanae Moralibus Adversa Esse Edixit, Miris Modis Hallucinatus Est. Tubingae: Cudebat Jo. Cunradi Reisii Vidua, A. MDCCXIX. (1719)  |5 SNK IC 145040 
510 4 |a VD18  |c 14854082-001 
546 |a Latinčina  |b Kurzíva 
561 |a Z knižnice Učenej spoločnosti malohontskej.  |5 SNK IC 145040/prív.30 
650 0 7 |a teológia  |2 SNKPH  |9 1814 
650 0 7 |a náboženská filozofia  |2 SNKPH  |9 3774 
655 7 |a dizertácie  |2 SNKPH  |9 70277 
700 1 |a Breithaupt, Joachim Just,  |d 1658-1732  |4 ths  |9 352662 
700 1 |a Zeitler, Christophor Andreas,  |d 17.-18. storočie  |4 prt  |9 185662 
710 0 |a Zeitler, Christoph Andreas (Halle, Nemecko),  |d 1689-1718  |4 prt  |9 196266 
710 2 |a Učená spoločnosť malohontská  |4 fmo  |9 205374 
752 |a Nemecko  |d Halle 
852 |a snk  |b Historické fondy  |p IC 145040/prív.30 
958 |a DD 
958 |a ONDV 
999 |c 606751  |d 608681 
952 |t MHC 1286  |a SNK  |b SNK  |c SNK_HF  |y PREZ  |7 0  |p 17A1395044  |o snkIC 145040/prív.30  |i snk2020/2331  |8 5  |0 0  |1 0  |4 0  |d 2020-02-24  |l 0  |r 2026-02-23 16:11:43  |w 2026-02-23